Enseñanza de la comprensión lectora
Αποθηκεύτηκε σε:
| Κύριος συγγραφέας: | |
|---|---|
| Μορφή: | Βιβλίο |
| Γλώσσα: | Ισπανικά |
| Έκδοση: |
Madrid
Morata
1992
|
| Έκδοση: | 1a. ed |
| Σειρά: | Colección Pedagogía. Educación Infantil y Primaria, 26
|
| Θέματα: | |
| Ετικέτες: |
Προσθήκη ετικέτας
Δεν υπάρχουν, Καταχωρήστε ετικέτα πρώτοι!
|
MARC
| LEADER | 00000cam a2200000 a 4500 | ||
|---|---|---|---|
| 001 | UCO6013 | ||
| 003 | CL-VaPUC | ||
| 008 | 000929e19920000SP |||||||||||||||||spa|d | ||
| 020 | |a 9788471123633 | ||
| 082 | 0 | 4 | |a 372.6 |b CAI |2 21 |
| 100 | 0 | |a Cairney, Trevor H |e author |9 450811 | |
| 245 | 1 | 0 | |a Enseñanza de la comprensión lectora |
| 250 | |a 1a. ed | ||
| 300 | |a 150 p | ||
| 942 | |c BK | ||
| 945 | |d 20000929 00:00:00 |a vberengu | ||
| 260 | |a Madrid |b Morata |c 1992 | ||
| 650 | 0 | |a Comprensión de lectura |9 307588 | |
| 650 | 0 | |a Enseñanza de la lectura |9 308364 | |
| 650 | 0 | |a Métodos de enseñanza |9 270413 | |
| 583 | |a last modification |c 20160802 05:12:46 |k Rodrigo Vera | ||
| 490 | 0 | |a Colección Pedagogía. Educación Infantil y Primaria, 26 | |
| 999 | |c 291808 |d 291806 | ||
| 952 | |0 0 |1 0 |4 0 |6 372_600000000000000_CAI_1992 |7 0 |8 A |9 342005 |a FDOPOS |b FDOPOS |d 2019-11-20 |i 3650073 |o 372.6 CAI 1992 |p 3650073 |r 2025-01-22 |w 2019-11-20 |y BK |k MLA | ||
| 952 | |0 0 |1 0 |3 erb |4 0 |6 372_600000000000000_CAI_1992 |7 0 |8 A |9 342006 |a BIBEDU |b BIBEDU |c ES_NOD |i 5335698 |l 2 |o 372.6 CAI 1992 |p 5335698 |r 2023-08-09 |s 2020-05-12 |w 2019-11-20 |y BK |z Catalogado en:20160807 |k EBA | ||